Cien años de soledad
Uloženo v:
| Hlavní autor: | |
|---|---|
| Médium: | Kniha |
| Jazyk: | španělština |
| Vydáno: |
Buenos Aires
Random House Mondadori
2011
|
| Vydání: | 23a. ed |
| Edice: | Contemporánea
|
| Témata: | |
| Tagy: |
Přidat tag
Žádné tagy, Buďte první, kdo vytvoří štítek k tomuto záznamu!
|
MARC
| LEADER | 00000cam a2200000 a 4500 | ||
|---|---|---|---|
| 001 | UCF1771 | ||
| 003 | CL-VaPUC | ||
| 008 | 120723e20110000AG |||||||||||||||||spa|d | ||
| 020 | |a 9789871138142 | ||
| 082 | 0 | 4 | |a Co863 |b GAR |2 21 |
| 100 | 0 | |a García Márquez, Gabriel |e author |9 318478 | |
| 245 | 1 | 0 | |a Cien años de soledad |
| 250 | |a 23a. ed | ||
| 300 | |a 496 p | ||
| 942 | |c BK | ||
| 945 | |d 20120723 00:00:00 |a dcastane | ||
| 260 | |a Buenos Aires |b Random House Mondadori |c 2011 | ||
| 650 | 0 | |a Novelas colombianas |9 266734 | |
| 650 | 0 | |a Literatura colombiana |9 315578 | |
| 583 | |a last modification |c 20120723 10:17:00 |k Rodrigo Vera | ||
| 490 | 0 | |a Contemporánea | |
| 999 | |c 348459 |d 348457 | ||
| 952 | |0 0 |1 0 |4 0 |6 CO_863_000000000000000_GAR_2011 |7 0 |8 A |9 450469 |a BIBING |b BIBING |d 2019-11-22 |i 4875141 |l 1 |o Co863 GAR 2011 |p 4875141 |r 2025-01-20 |s 2022-05-09 |w 2019-11-22 |y BK |k CUI | ||